Meilleurs buteurs du PSG par nationalité - Statistiques

Statistiques générales
  • Ce quiz a été pris 1 037 fois
  • Le résultat moyen est 9 sur 20
Statistiques - réponses
Nationalité Buts Joueur % Correct
France 202 Kylian Mbappé
100%
Brésil 118 Neymar Jr.
98%
Uruguay 200 Edinson Cavani
91%
Suède 152 Zlatan Ibrahimovic
89%
Argentine 92 Angel Di Maria
82%
Portugal 109 Pauleta
72%
Libéria 55 George Weah
66%
Allemagne 26 Julian Draxler
65%
Maroc 8 Achraf Hakimi
64%
Belgique 13 Thomas Meunier
48%
Nigeria 20 Augustine Okocha
41%
Espagne 22 Pablo Sarabia
34%
Algérie 98 Mustapha Dahleb
25%
Turquie 30 Mevlüt Erdinç
23%
Colombie 10 Mario Yépes
11%
Italie 32 Marco Simone
10%
Serbie 10 Mateja Kezman
6%
Côte d'Ivoire 21 Amara Diane
5%
Pays-Bas 18 Kees Kist
1%
Croatie 22 Zlatko Vujovic
1%
Aucun quiz correspondant
Distribution des résultats
% des personnes avec chaque résultat
Percentile par nombre de réponses
Votre historique - résultats
Vous n’avez pas pris ce quiz